| 000 | 00317nam a2200109 4500 | ||
|---|---|---|---|
| 999 |
_c12333 _d12333 |
||
| 008 | 190123b ||||| |||| 00| 0 eng d | ||
| 245 | _aBidding for human anti-rabies vaccines sans who certificate. | ||
| 260 |
_aDavao City _bSun Star Davao _cc2018 |
||
| 300 | _apage 6. | ||
| 650 | 0 |
_934838 _aVaccines. |
|
| 942 |
_2ddc _cPER |
||